000 00843nam a2200253Ia 4500
003 OSt
005 20221005103115.0
006 a|||||r|||| 00| 0
007 ta
008 221004b |||||||| |||| 00| 0 hin d
024 _a108614
037 _cTextual
040 _aCRL
_cCRL
_bhin
041 _2hin
_ahin
082 _aO152,1M50:g, H8
100 _aब्रजरत्नदास
245 0 _aभारतेन्दु हरिशचन्द्र
246 _aBhāratendu harishachandra
260 _aइलाहाबाद
_bहिंदुस्तानी एकेडेमी भारत
_c1948
300 _a410पृ0
_ccm.
650 _aहिन्दी साहित्य
942 _hO152,1M50:g, H8
_cTEXL
_2cc
999 _c1009466
_d1009466